UBT Library

IT project management : (Record no. 44692)

000 -LEADER
fixed length control field 00837cam a2200289 a 4500
001 - CONTROL NUMBER
control field 13191165
005 - DATE AND TIME OF LATEST TRANSACTION
control field 20180312053859.0
008 - FIXED-LENGTH DATA ELEMENTS--GENERAL INFORMATION
fixed length control field 030508s2002 nyua 001 0 eng d
010 ## - LIBRARY OF CONGRESS CONTROL NUMBER
LC control number 2003535420
015 ## - NATIONAL BIBLIOGRAPHY NUMBER
National bibliography number GBA2-Z2205
020 ## - INTERNATIONAL STANDARD BOOK NUMBER
International Standard Book Number 0072223499
020 ## - INTERNATIONAL STANDARD BOOK NUMBER
International Standard Book Number 0072223502 (BK)
020 ## - INTERNATIONAL STANDARD BOOK NUMBER
International Standard Book Number 0072223510 (CDROM)
035 ## - SYSTEM CONTROL NUMBER
System control number (OCoLC)ocm48884808
040 ## - CATALOGING SOURCE
Original cataloging agency UKM
Transcribing agency UKM
Modifying agency TXA
-- DLC
041 ## - LANGUAGE CODE
Language code of text/sound track or separate title eng
042 ## - AUTHENTICATION CODE
Authentication code lccopycat
080 ## - UNIVERSAL DECIMAL CLASSIFICATION NUMBER
Universal Decimal Classification number 658.4038 JOS
082 00 - DEWEY DECIMAL CLASSIFICATION NUMBER
Classification number 658.4038 JOS
Edition number 21
100 1# - Rafti
Rafti 54
101 ## - Shkurtesa
Shkurtesa MAN
245 10 - TITLE STATEMENT
Title IT project management :
Statement of responsibility, etc Joseph. Phillips.
504 ## - BIBLIOGRAPHY, ETC. NOTE
Bibliography, etc Includes index.
906 ## - LOCAL DATA ELEMENT F, LDF (RLIN)
a 7
b cbc
c copycat
d 2
e ncip
f 20
g y-gencatlg
942 ## - ADDED ENTRY ELEMENTS (KOHA)
Source of classification or shelving scheme
Item type Books
Holdings
Withdrawn status Lost status Source of classification or shelving scheme Damaged status Not for loan Collection code Permanent location Current location Shelving location Date acquired Total Checkouts Full call number Barcode Date last seen Price effective from Koha item type
          Koleksioni i përgjithshem UBT - Lipjan UBT - Lipjan Koleksioni i përgjithshem 03/12/2018   658.4038 JOS 002-3001409 03/12/2018 03/12/2018 Books
UBT Library © 2015-2024. All rights reserved University Education for Business and Technology